Normal view
MARC view
- Tack, Alfred
Entry Personal Name
001 - CONTROL NUMBER
- control field: 7879
003 - CONTROL NUMBER IDENTIFIER
- control field: OSt
005 - DATE AND TIME OF LATEST TRANSACTION
- control field: 20170524160202.0
008 - FIXED-LENGTH DATA ELEMENTS
- fixed length control field: 170524|| aca||aabn | a|a d
040 ## - CATALOGING SOURCE
- Original cataloging agency: OSt
- Transcribing agency: OSt
100 ## - HEADING--PERSONAL NAME
- Personal name: Tack, Alfred
670 ## - SOURCE DATA FOUND
- Source citation: Work cat.: (OSt)0: Tack, Alfred, How to overcome nervous tension and speak well in public /, 1974

PORTAL AKMAL
E-MEL JKDM
AKMAL2U
G-BAM
u-PUSTAKA